000 00456nam a22001817a 4500
005 20180208125228.0
008 160905b xxu||||| |||| 00| 0 eng d
020 _a978-93-325-7031-3
041 _aeng
082 _a006.32
_b21041
100 _aHAYKIN,SIMON
_94125
245 _aNEURAL NETWORKS AND LEARNING MACHINES
250 _a3RD ED.
260 _bPEARSON
_aNEW DELHI
_c2016
300 _a887
650 _aINFORMATION TECHNOLOGY
_9137
942 _cBK
999 _c5199
_d5197